00776nam a2200181Ia 4500999001500000005001700015008004100032040001300073041000800086084001300094110005200107245017300159260008900332650005300421910000800474942001300482952009900495 c4244d424420210104143049.0201216s9999||||xx |||||||||||||| ||und|| aDAHcDAH aspa aDAH 02311 aPerú. Ministerio de Hacienda y Comercio9459000aLey orgánica del presupuesto funcional de la República, No. 14816 :bconcordada con las leyes Nos. 15257, 15682 y 16360 /cPerú. Ministerio de Hacienda y Comercio aLima:bMinisterio de Hacienda y Comercio. Dirección Nacional de Presupuesto,c196704aHacienda pública xLegislaciónzPerú95740 agsm cLIB2ddc 00102ddc4070aDAHbDAHcGENd2020-12-16oDAH 0231pDAH21010036r2020-12-16w2020-12-16yLIB